Las astillas de madera: su producción, manipulación y transporte
Đã lưu trong:
| Tác giả của công ty: | |
|---|---|
| Định dạng: | Sách |
| Ngôn ngữ: | Tiếng Tây Ban Nha |
| Được phát hành: |
Roma
FAO
1978
|
| Phiên bản: | 2a. ed |
| Loạt: | Estudios FAO. Montes, 9
|
| Những chủ đề: | |
| Các nhãn: |
Thêm thẻ
Không có thẻ, Là người đầu tiên thẻ bản ghi này!
|
MARC
| LEADER | 00000nam a2200000 a 4500 | ||
|---|---|---|---|
| 001 | UCV4726 | ||
| 003 | CL-VaPUC | ||
| 008 | 910801e19780000IT |||||||||||||||||spa|d | ||
| 082 | 0 | 4 | |a 674.84 |b FAO |2 21 |
| 110 | 2 | |a FAO |e author |9 298928 | |
| 245 | 1 | 4 | |a Las astillas de madera: su producción, manipulación y transporte |
| 250 | |a 2a. ed | ||
| 300 | |a 136 p | ||
| 942 | |c BK | ||
| 945 | |d 19910801 00:00:00 | ||
| 260 | |a Roma |b FAO |c 1978 | ||
| 650 | 7 | |a MADERA ASERRADA |2 CL-VaPUC |9 261031 | |
| 583 | |a last modification |c 19910801 00:00:00 |k Rodrigo Vera | ||
| 490 | 0 | |a Estudios FAO. Montes, 9 | |
| 999 | |c 211425 |d 211423 | ||